Packaging design : a practitioner's manual.
| Format: | Book |
|---|---|
| Published: |
Geneva:
International trade Centre,
2000.
|
| Subjects: |
| LEADER | 00480cam a2200145 7i4500 | ||
|---|---|---|---|
| 001 | 0000008943 | ||
| 005 | 20010328090000.0 | ||
| 020 | 0 | 0 | |a 9291371505 |
| 090 | 0 | 0 | |a B 688.8 |b PAC |
| 245 | 0 | 0 | |a Packaging design : |b a practitioner's manual. |
| 260 | 0 | 0 | |a Geneva: |b International trade Centre, |c 2000. |
| 300 | # | # | |a 104 p. |
| 650 | 0 | 0 | |a Packaging design -- |x Handbooks, manual, etc |
| 999 | |a 000008943 |b Book |c Book |e Business Information Centre | ||
| 999 | |a 0000012080 |b Book |c Book |e Business Information Centre | ||


